Bilecik Bilecik Bilecik Bilecik Bilecik

Türkiye I. Maliye Eğitimi Sempozyumu 22-24 Nisan 1985. (Record no. 16063)

MARC details
000 -BAŞLIK
Sabit Uzunluktaki Kontrol Alanı 01160nam a22003497a 4500
001 - KONTROL NUMARASI
Control Dosyası 0016101
003 - KONTROL NUMARASI KİMLİĞİ
Kontrol Alanı KOHA_MİRAKIL
005 - EN SON İŞLEM TARİHİ ve ZAMANI
Kontrol Alanı 20260207002053.0
007 - FİZİKSEL TANIM SABİT ALAN - GENEL BİLGİ
Sabit uzunluklu kontrol alanı ta
008 - SABİT UZUNLUKTAKİ VERİ ÖGELERİ - GENEL BİLGİ
Sabit Alan 100409b1986 tu |||gro|||#1|||0|tur |
020 ## - ISBN - ULUSLARARASI STANDART KİTAP NUMARASI
Kullanılabilirlik koşulları 0,01
040 ## - KATALOGLAMA KAYNAĞI
Özgün Kataloglama Kurumu TR-BiSEU
Kataloglama Dili tur
Çeviri Kurumu TR-BiSEU
Açıklama Kuralları rda
041 0# - DİL KODU
Metin ya da ses kaydının dil kodu tur
044 ## - YAYINLAYAN/ÜRETEN KURULUŞUN ÜLKE KODU
ISO country code tu
050 ## - SINIFLAMA ve YER NUMARASI
Sınıflama Numarası HJ209
Yer Numarası .T89 1986
111 2# - TOPLANTI ADI
Toplantı Adı Türkiye Maliye Eğitimi Sempozyumu
Toplantı Yeri I :
Toplantı Tarihi 1985 :
Toplantı Numarası Eskişehir
9 (RLIN) 37358
245 1# - ESER ADI BİLDİRİMİ
Başlık Türkiye I. Maliye Eğitimi Sempozyumu 22-24 Nisan 1985.
264 #1 - ÜRERİM, YAYIN, DAĞITIM ve TELİF BİLDİRİMİ
Yayın yeri Eskişehir :
Yayınlayan Anadolu Üniversitesi
Yayın tarihi 1986
300 ## - FİZİKSEL TANIMLAMA
Sayfa, Cilt vb. VII, 97 sayfa
336 ## - İÇERİK TÜRÜ
Content type term metin
Content type code txt
Source rdacontent
337 ## - MEDYA TÜRÜ
Media type term aracısız
Media type code n
Source rdamedia
338 ## - TAŞIYICI TÜRÜ
Carrier type term cilt
Carrier type code nc
Source rdacarrier
490 1# - DİZİ BİLDİRİMİ
Dizi Bildirimi T.C.
490 1# - DİZİ BİLDİRİMİ
Dizi Bildirimi Anadolo Üninersitesi Yayınları No ;
Cilt Numarası 157.
490 1# - DİZİ BİLDİRİMİ
Dizi Bildirimi İktisadi ve İdari Bilimler Fakültesi Yayınları No ;
Cilt Numarası 35.
650 #0 - KONU BAŞLIĞI EK GİRİŞ - KONU TERİMİ
Konusal terim veya coğrafi ad Kamu maliyesi--Öğretim--Türkiye--Kongreler.
9 (RLIN) 33846
830 1# - SERİ EK GİRİŞİ - TEKBİÇİM ESER ADI
Tekbiçim Başlık T.C.
9 (RLIN) 6297
830 1# - SERİ EK GİRİŞİ - TEKBİÇİM ESER ADI
Tekbiçim Başlık Anadolo Üninersitesi Yayınları No ;
Volume number/sequential designation 157.
9 (RLIN) 37359
830 1# - SERİ EK GİRİŞİ - TEKBİÇİM ESER ADI
Tekbiçim Başlık İktisadi ve İdari Bilimler Fakültesi Yayınları No ;
Volume number/sequential designation 35.
9 (RLIN) 16068
907 ## - LOCAL DATA ELEMENT G, LDG (RLIN)
a Sempozyum
942 ## - EK GİRİŞ ÖGELERİ (KOHA)
Source of classification or shelving scheme Library of Congress Classification
Koha item type Book
Holdings
Materyal Türü Kalıcı Konum Mevcut Konum Raf Yeri Sınıflandırma Kaynağı Edinim Bilgisi Ana Konular Alt Konular Yer Numarası Demirbaş Numarası Fatura Tarihi Geri Çekilme Durumu Kayıp Durumu Hasarlı Durumu Kredi için değil Kayıt Tarih Toplam Ödünçverme Son Görülme Tarihi Son Kontrol Tarihi Genel / Bağış Notu
Book Prof. Dr. Azmi Özcan Kütüphanesi Prof. Dr. Azmi Özcan Kütüphanesi Uluğbey Salonu Library of Congress Classification Bağış SOSYAL BİLİMLER Kamu Maliyesi HJ209 .T89 1986 0016101 13/08/2010         09/04/2010   05/12/2024 05/12/2024 İİBF